| 000 | 00572nam a22001937a 4500 | ||
|---|---|---|---|
| 003 | CEME | ||
| 005 | 20210628203227.0 | ||
| 008 | 210119b xxu||||| |||| 00| 0 eng d | ||
| 020 | _a0-07-294688-1 | ||
| 040 | _cceme | ||
| 082 | _a658.401 PEA | ||
| 100 |
_aPearce, John . A , Robinson, Richard . B _960986 |
||
| 245 | _aFormulation, implementation, and control of competitive strategy | ||
| 250 | _a9TH | ||
| 260 |
_aNEW YORK _bMCGRAW HILL _c2005 |
||
| 300 | _aXXIII,409 P | ||
| 650 |
_aSTRATEGIC PLANNING, STRATEGIC PLANNING CASE STUDIES, _964119 |
||
| 942 |
_cBK _2ddc |
||
| 999 |
_c572732 _d572732 |
||